LEADER 01308nas a2200277 i 4500 001 000000254063 003 CaOOAMICUS 005 20180410000000.0 008 170505b2017 fr uu u0 0fre r 013 $a232968 040 $aSeMil$bita 245 10$a[2017]. 260 $aParis :$bPUF,$ccopyr. 2017. 300 $a574 p. ;$c23 cm. 500 $aArticoli con sintesi in francese [Résumé], in inglese [Abstract/Summary], in polacco [Streszczenie] o in tedesco [Resümee] in testa. - Contiene [Bollettino periodico] : Bulletin de philosophie ancienne 2017. 710 2 $aCentre National du Livre .$0(OLS)http://semarc/name/1914 773 0 $tRevue de Métaphysique et de Morale.$dParis : Armand Colin $x0035-1571$w()2770 774 0 $tD'Alembert (1717-2017).$z978-2-13-078834-8$w()290895 774 0 $tVaria.$z978-2-13-078835-5$w()291404 774 0 $tPhénoménologie de Jan Patocka.$z978-2-13-078836-2$w()291600 774 0 $tTheodor Lipps, [parte] 1. - Contiene.$z978-2-13-078837-9$w()291801 850 $aSeMil 852 $aSeMil$W1$xVenegono$y1$m19 5 26$j204409$B204409$CSeMilBibl$Z2$F222008 $85 961 $aAbbonamento: PUF - Presses Universitaires de France 996 $6245$a[2017]$9(OLS)http://semarc/title/353788 996 $6260$aParis :$bPUF$9(OLS)http://semarc/publisher/30045 LEADER 01207nam a2200265 i 4500 001 000000225081 003 CaOOAMICUS 005 20131120000000.0 008 131120s1968 it u000 u fre u 013 $a203979 040 $aSeMil$bita 100 1 $aBarucq, André.$0(OLS)http://semarc/name/68542 245 10$aEcclésiaste :$bqohéleth. Traduction et commentaire /$cAndré Barucq ; préface par Albert Hari. 260 $aParis :$bBeauchesne,$ccopyr. 1968. 300 $a214 p. ;$c19 cm. 490 0 $aVerbum Salutis ;$v. 490 0 $aVerbum Salutis. Ancien Testament ;$v3 650 4$aBibbia. Antico Testamento. Qohelet - Commentari, studi, critica, interpretazioni.$0(OLS)http://semarc/subject/6967 700 1 $aHari, Albert.$0(OLS)http://semarc/name/12631 830 0$aVerbum Salutis ;$v.$0(OLS)http://semarc/title/13440 830 0$aVerbum Salutis. Ancien Testament ;$v3.$0(OLS)http://semarc/title/39608 850 $aSeMil 852 $aSeMil$W1$xVenegono$y1$m2W I 281$j175427$B175427$CSeMilBibl$Z2$F185419 $81 996 $6245$aEcclésiaste :$bqohéleth. Traduction et commentaire$9(OLS)http://semarc/title/322457 996 $6260$aParis :$bBeauchesne$9(OLS)http://semarc/publisher/29638